000 00700nam a2200241 a 4500
001 61192
003 BD-RjUL
005 20211209080931.0
008 170121s1977 ii ||||| |||| 001 0 eng d
035 _a(BD-RjUL) 61316
040 _aBD-RjUL
_beng
_cBD-RjUL
041 _aeng
082 _223
_a657.42
_bSHC 1977
100 _aShukla, M.C.
_9182556
245 1 0 _aCost accounts :
_bText and problems /
_cM.C. Shukla; T. S. Grewal
250 _a7th ed. (rev. & enl.)
260 _aNew Delhi :
_bS. Chand & Co. (Pvt.) Ltd.,
_c1977.
300 _aiv, 446 p. ;
_c21 cm.
500 _aIncludes Index
650 _aCost Accounting
_9176383
700 _aGrewal, T. S.
_9184514
942 _2ddc
_cBK
999 _c61192
_d61192